| 000 | 02194cam a2200301 i 4500 | ||
|---|---|---|---|
| 003 | DO-SdBNP | ||
| 005 | 20180216093143.0 | ||
| 008 | 100514s 1997 sp a | |||| 000 f spa | ||
| 015 | _a | ||
| 017 |
_a _b |
||
| 020 | _a8482591290 (obra completa) | ||
| 020 | _a8482591304 (antiguo testamento) | ||
| 020 | _a8482591312 (nuevo testamento) | ||
| 035 | _a | ||
| 040 |
_aBPMSU _bspa _cBPMSU _e |
||
| 080 | _a | ||
| 245 | 1 | 3 |
_aLa biblia de los niños / _h _cseleccion de los textos E. Ruiz ; ilustraciónes M. Nigot |
| 260 |
_aBarcelona : _bEdiciones Nauta, _c1997. |
||
| 300 |
_a2 v. p.: _bil. _c38 cm. |
||
| 500 | _aEdición gigante ilustrada. | ||
| 505 | 2 |
_tAntiguo Testamento -- _gLa creación -- _gEl paraíso terrenal -- _gLos descendientes de Adán y Eva -- _gEl diluvio universal -- _gLa torre de Babel -- _gAbraham e Isaac -- _gJacob -- _gJosé -- _gMoisés -- _gLa salida de Egipto -- _gLos diez mandamientos -- _gCanaán, la tierra prometida -- _gLos jueces -- _gSansón -- _gDavid y Goliat -- _gEl rey David -- _gSalomón -- _gElías -- _gJonás -- _gJudith y Holofernes -- _gIsaías, Jeremías y Ezequiel -- _gDaniel -- _gEsther y Asuero -- _gJob y Tobías -- _gRegreso a Judea -- _gEleazar, Matatías y los Macabeos -- _gHerodes, esperando al Mesías -- |
|
| 505 | 2 |
_tNuevo Testamento -- _gLos Evangelios -- _gJuan el Bautista -- _gLa anunciación -- _gEl nacimiento del niño Dios -- _gJesús se pierde en el templo -- _gEl bautismo de Jesús -- _gLos doce apóstoles -- _gLa muerte de Juan el Bautista -- _gLas bodas de Caná y la pesca milagrosa -- _gEl sermón de la montaña -- _gJesús multiplica los panes y los peces y camina sobre las aguas -- _gEnseñanzas y parábolas -- _gLa resurrección de Lázaro y otros milagros -- _gLa transfiguración -- _gEntrada triunfal en Jerusalén -- _gLa última cena -- _gLa pasión -- _gLa crucifixión y la muerte -- _gLa resurrección y la ascensión a los cielos -- _gSan Pablo -- _gSan Pedro, la iglesia y el papado -- _gLos primeros Mártires y las Epístolas -- _gEl Apocalipsis -- _gEl mensaje de la biblia -- |
|
| 700 | 1 | 2 |
_aRuiz, E. _etextos |
| 700 | 1 | 2 |
_aNigot, M _eil. |
| 942 |
_2ddc _cBK |
||
| 945 | _aInventariado, 2018 / BT | ||
| 956 |
_aYLOCKWARD _810 _cBPMSU |
||
| 999 |
_c12382 _d12382 |
||